Visualizzazione normale
Vista MARC
- Hughes Arnold
di Personal Name
Records bibliografici associati: 1
001 - CONTROL NUMBER
- control field: 42437
003 - CONTROL NUMBER IDENTIFIER
- control field: IT-RoPau
005 - DATE AND TIME OF LATEST TRANSACTION
- control field: 20151126221852.0
008 - FIXED-LENGTH DATA ELEMENTS
- fixed length control field: 151126|| aca||aabn | a|a d
040 ## - CATALOGING SOURCE
- Original cataloging agency: IT-RoPau
- Transcribing agency: IT-RoPau
100 ## - HEADING--PERSONAL NAME
- Personal name: Hughes Arnold
- Relator term: (musica)
- Miscellaneous information: Codice Musica SPICS: 29140
670 ## - SOURCE DATA FOUND
- Source citation: Work cat.: (IT-RoPau)105622: Vidor King Codice regista SPICS: 39 42435, UOMO SENZA PAURA (L') UOMO SENZA PAURA (L') (Rif. Codice opera principale : 21621)